| 000 | 00916nam a22002897a 4500 | ||
|---|---|---|---|
| 003 | CHAP | ||
| 005 | 20220329134040.0 | ||
| 008 | 971013s1938 r 00010 d | ||
| 010 | _a14662 | ||
| 011 | _a15634 | ||
| 035 | _a19710 | ||
| 040 | _cCHAP | ||
| 082 |
_a574.192 _bG67 1938 |
||
| 100 | 0 | 0 |
_aGortner, Ross Aiken. _950062 |
| 245 | _aOutlines of biochemistry; the organic chemistry and the physicochemical reactions of biologically important compounds and systems | ||
| 250 | _a2 ed. | ||
| 260 |
_aNew York : _bWiley, _c1938 |
||
| 300 | _a1017 p | ||
| 590 |
_aBATCH-UPD _b10 _c20130110 _lUCH01 _h2044 |
||
| 590 |
_aBATCH-UPD _b10 _c20130410 _lUCH01 _h1358 |
||
| 590 |
_aBATCH-UPD _b10 _c20130914 _lUCH01 _h0643 |
||
| 590 |
_aCONVERSION _b10 _c20130109 _lUCH01 _h1309 |
||
| 650 | 1 | 4 |
_aBioquĂmica. _912849 |
| 901 | _aBK | ||
| 942 | _cLIBRO | ||
| 949 |
_a574.192 G67 1938 _bBC _cLIBRO _d-45986 _eLIBRO _h8139 _i19710 _si |
||
| 999 |
_c14662 _d14662 |
||